000 00321nam a22001457a 4500
005 20160511112252.0
008 160511b xxu||||| |||| 00| 0 eng d
041 _aeng
082 _b1244
100 _aCascio F wayue
_9430
245 _aManaging Human Resours
260 _c2006
650 _aManagement
_9241
942 _cBK
999 _c518
_d518